En torno a Hannah Arendt / (Record no. 17273)

MARC details
000 -LEADER
campo de control de longitud fija 00984nam a22002775i 4500
001 - NÚMERO DE CONTROL
campo de control 17273
003 - IDENTIFICADOR DE NÚMERO DE CONTROL
campo de control ES-MaACL
005 - FECHA Y HORA DE LA ÚLTIMA TRANSACCIÓN
campo de control 20260113171712.0
007 - CAMPO FIJO DE DESCRIPCIÓN FÍSICA--INFORMACIÓN GENERAL
campo de control de longitud fija t|
008 - DATOS DE LONGITUD FIJA--INFORMACIÓN GENERAL
campo de control de longitud fija 010124s1994 sp ||||0| spa
020 ## - NÚMERO INTERNACIONAL ESTÁNDAR DEL LIBRO
Número Internacional Estándar del Libro 84-259-0969-4
080 ## - NÚMERO DE LA CLASIFICACIÓN DECIMAL UNIVERSAL
Número de la Clasificación Decimal Universal 1:32 Arendt, Hannah
245 00 - MENCIÓN DEL TÍTULO
Título En torno a Hannah Arendt /
Mención de responsabilidad, etc. Antich ... [et al.] ; compilación y dirección, Manuel Cruz y Fina Birulés.
260 ## - PUBLICACIÓN, DISTRIBUCIÓN, ETC.
Lugar de publicación, distribución, etc. Madrid :
Nombre del editor, distribuidor, etc. Centro de Estudios Constitucionales,
Fecha de publicación, distribución, etc. 1994.
300 ## - DESCRIPCIÓN FÍSICA
Extensión 251 p. ;
Dimensiones 21 cm.
490 1# - MENCIÓN DE SERIE
Mención de serie El derecho y la justicia ;
Designación de volumen o secuencia 40
504 ## - NOTA DE BIBLIOGRAFÍA, ETC.
Nota de bibliografía, etc. Bibliografía: p. 231-249.
600 14 - PUNTO DE ACCESO ADICIONAL DE MATERIA--NOMBRE DE PERSONA
Nombre de persona Arendt, Hannah,
Fechas asociadas al nombre 1906-1975-
Subdivisión general Crítica e interpretación
9 (RLIN) 22615
700 1# - ENTRADA AGREGADA--NOMBRE PERSONAL
Nombre de persona Antich, Xavier.
9 (RLIN) 21893
700 1# - ENTRADA AGREGADA--NOMBRE PERSONAL
Nombre de persona Cruz Rodríguez, Manuel.
9 (RLIN) 41845
700 1# - ENTRADA AGREGADA--NOMBRE PERSONAL
Nombre de persona Birulés Bertrán, Josefina.
9 (RLIN) 28992
710 2# - ENTRADA AGREGADA--NOMBRE DE ENTIDAD CORPORATIVA
Nombre de entidad corporativa o nombre de jurisdicción como elemento de entrada Centro de Estudios Constitucionales (España)
9 (RLIN) 2618
830 1# - PUNTO DE ACCESO ADICIONAL DE SERIE-TÍTULO UNIFORME
Título uniforme El derecho y la justicia ;
Designación de volumen o secuencia 40
9 (RLIN) 178339
852 ## - LOCALIZACIÓN
Ubicación ES-MaACL
Número de control de estantería L-24132
Holdings
Estatus retirado Estado de pérdida Estado de daño No para préstamo Biblioteca de origen Biblioteca actual Ubicación en estantería Fecha de adquisición Fuente de adquisición Total de préstamos Signatura topográfica completa Código de barras Visto por última vez Precio de reemplazo Tipo de ítem Koha
        Biblioteca del Ateneo de Madrid Biblioteca del Ateneo de Madrid Depósito 2 17/01/2008     L-24132 1017623 23/02/2023 23/02/2023 Libro impreso